Random pokemons 30 sec sprint - Statistics

General Stats
  • This quiz has been taken 14 times
  • The average score is 7 of 8
Answer Stats
Picture Answer % Correct
Charizard
100%
Eevee
100%
Pikachu
100%
Bulbasaur
83%
Charmander
83%
Mew
75%
Squirtle
67%
Mewtwo
58%
No matching quizzes found
Score Distribution
Percent of People with Each Score
Percentile by Number Answered
Your Score History
You have not taken this quiz